| Поле | Название | Значение |
| |
Тип записи |
a |
| |
Библиографический уровень |
c |
| 001 |
Контрольный номер |
7b1c9044de0048f9af046af49edf74b6 |
| 005 |
Дата корректировки |
20260528123007.3 |
| 010 |
Индекс ISBN |
__ |
| 9 |
Тираж |
200 экз. |
| b |
Уточнения |
в пер. |
| a |
ISBN |
1560-7976 |
| 100 |
Данные общей обработки |
__ |
| a |
Данные общей обработки |
20260528d2026 km y0rusy028902 ca |
| 101 |
Язык документа |
0_ |
| a |
Язык текста |
rus |
| 102 |
Страна публикации |
__ |
| a |
Страна публикации |
RU |
| 105 |
Кодированные данные (монография) |
__ |
| a |
Кодированные данные (монография) |
a n 000yy |
| 181 |
Поле кодированных данных: вид содержания |
_0 |
| a |
Код вида содержания (ISBD) |
i |
| 182 |
Поле кодированных данных: тип средства |
_0 |
| a |
Код типа средства (ISBD) |
n |
| 200 |
Заглавие и сведения об ответственности |
1_ |
| a |
Заглавие |
Библиотека и закон |
| e |
Сведения, относящиеся к заглавию |
журнал-справочник : тексты документов, комментарии, консультации |
| h |
Номер части |
Вып. 60 (1'2026) |
| g |
Последующие сведения об ответственности |
ответственный редактор Олег Бородин |
| f |
Первые сведения об ответственности |
[Российская национальная библиотека] |
| 203 |
Вид содержания и тип средства |
__ |
| a |
Вид содержания |
Текст |
| c |
Тип средства |
непосредственный |
| 210 |
Выходные данные |
1_ |
| a |
Место издания |
Москва |
| c |
Издательство |
Либер-Дом |
| d |
Дата издания |
2026 |
| 215 |
Физическое описание |
__ |
| a |
Объем |
380, [3] с. |
| c |
Иллюстрации/тип воспроизводства |
портр., табл. |
| d |
Формат |
25 см |
| 330 |
Аннотация |
__ |
| a |
Аннотация |
Представлены нормативные и рекомендательные материалы по целому ряду направлений и проблем библиотечной деятельности. |
| 464 |
Аналитический уровень |
_0 |
| 1 |
|
2001 |
| a |
|
Положение о Всероссийском библиотечном движении "Вместе сильнее" |
| 464 |
Аналитический уровень |
_0 |
| 1 |
|
2001 |
| a |
|
Указ Президента Российской Федерации от 9 ноября 2022 г. № 809 "Об утверждении Основ государственной политики по сохранению и укреплению традиционных духовно-нравственных ценностей" |
| 464 |
Аналитический уровень |
_0 |
| 1 |
|
2001 |
| a |
|
Основы государственной политики по сохранению и укреплению традиционных духовно-нравственных ценностей |
| 464 |
Аналитический уровень |
_0 |
| 1 |
|
2001 |
| a |
|
Стратегия противодействия экстремизму в Российской Федерации |
| 464 |
Аналитический уровень |
_0 |
| 1 |
|
2001 |
| a |
|
Основы государственной языковой политики Российской Федерации |
| 464 |
Аналитический уровень |
_0 |
| 1 |
|
2001 |
| a |
|
Стратегия государственной культурной политики на период до 2030 г. |
| 464 |
Аналитический уровень |
_0 |
| 1 |
|
2001 |
| a |
|
Стратегия реализации молодежной политики в Российской Федерации на период до 2030 г. |
| 464 |
Аналитический уровень |
_0 |
| 1 |
|
2001 |
| a |
|
Положение о Всероссийском библиотечном движении "Вместе сильнее" |
| 464 |
Аналитический уровень |
_0 |
| 1 |
|
2001 |
| a |
|
Комплекс мер по патриотическому воспитанию и духовно-нравственному воспитанию молодежи в Российской Федерации до 2028 г. |
| 601 |
Наименование организации как предмет |
10 |
| 2 |
Код системы |
nlr_sh |
| a |
Наименование организации как предмет |
"Вместе сильнее", всероссийское библиотечное движение |
| 606 |
Тематические рубрики |
__ |
| a |
Основная рубрика |
Библиотечное дело |
| 2 |
Код системы |
nlr_sh |
| 606 |
Тематические рубрики |
__ |
| a |
Основная рубрика |
Организация библиотечного дела |
| z |
Хронологическая подрубрика |
21 в. нач. |
| y |
Географическая подрубрика |
Российская Федерация |
| y |
Географическая подрубрика |
Россия |
| y |
Географическая подрубрика |
РФ |
| 2 |
Код системы |
nlr_sh |
| 610 |
Ключевые слова |
0_ |
| a |
Ключевые слова |
библиотеки |
| 610 |
Ключевые слова |
0_ |
| a |
Ключевые слова |
нормативные материалы |
| 610 |
Ключевые слова |
0_ |
| a |
Ключевые слова |
законодательные документы |
| 610 |
Ключевые слова |
0_ |
| a |
Ключевые слова |
локальные нормативные акты |
| 610 |
Ключевые слова |
0_ |
| a |
Ключевые слова |
правовое регулирование |
| 610 |
Ключевые слова |
0_ |
| a |
Ключевые слова |
правовые документы |
| 610 |
Ключевые слова |
0_ |
| a |
Ключевые слова |
библиотечная деятельность |
| 610 |
Ключевые слова |
0_ |
| a |
Ключевые слова |
библиотечная работа |
| 610 |
Ключевые слова |
0_ |
| a |
Ключевые слова |
уставы |
| 610 |
Ключевые слова |
0_ |
| a |
Ключевые слова |
приказы |
| 610 |
Ключевые слова |
0_ |
| a |
Ключевые слова |
методические рекомендации |
| 610 |
Ключевые слова |
0_ |
| a |
Ключевые слова |
учреждения культуры |
| 610 |
Ключевые слова |
0_ |
| a |
Ключевые слова |
методические материалы |
| 610 |
Ключевые слова |
0_ |
| a |
Ключевые слова |
государственные библиотеки |
| 610 |
Ключевые слова |
0_ |
| a |
Ключевые слова |
российские библиотеки |
| 610 |
Ключевые слова |
0_ |
| a |
Ключевые слова |
научная деятельность |
| 610 |
Ключевые слова |
0_ |
| a |
Ключевые слова |
методические документы |
| 610 |
Ключевые слова |
0_ |
| a |
Ключевые слова |
инструкции |
| 610 |
Ключевые слова |
0_ |
| a |
Ключевые слова |
правила работы |
| 610 |
Ключевые слова |
0_ |
| a |
Ключевые слова |
развитие библиотечного дела |
| 610 |
Ключевые слова |
0_ |
| a |
Ключевые слова |
стратегии развития библиотечного дела |
| 686 |
Индексы других классификаций |
__ |
| 2 |
Код системы |
rubbks |
| a |
Классификационный индекс |
78.34к1 |
| 702 |
Вторичная интеллектуальная ответственность |
_1 |
| a |
Фамилия |
Бородин |
| b |
Имя |
О. Р. |
| g |
Полное личное имя |
Олег Робертович |
| 4 |
Код отношения |
340 |
| f |
Даты |
1954- |
| 712 |
Наименование организации (Вторичная ответственность) |
02 |
| a |
Организация/ юрисдикция |
Российская национальная библиотека |
| c |
Место постоянной организации |
Санкт-Петербург |
| 801 |
Источник записи |
_0 |
| a |
Страна |
RU |
| b |
Организация |
Муниципальное бюджетное учреждение культуры "Централизованная библиотечная система" г. Сургут (Центральная городская библиотека им. А. С. Пушкина) |
| g |
Правила каталогизации |
PSBO |
| c |
Дата составления |
20260528 |
| 801 |
Источник записи |
_1 |
| a |
Страна |
RU |
| b |
Организация |
Муниципальное бюджетное учреждение культуры "Централизованная библиотечная система" г. Сургут (Центральная городская библиотека им. А. С. Пушкина) |
| g |
Правила каталогизации |
PSBO |
| c |
Дата составления |
20260528 |
| 852 |
Данные о местонахождении |
__ |
| j |
Шифр хранения |
78.34к1 |
| i |
Авторский знак |
Б 59 |
| 901 |
Тип документа |
__ |
| a |
Ответственный |
КиК/Котельникова |
| t |
Тип документа |
x |
| 901 |
Тип документа |
__ |
| a |
Ответственный |
без партии |
| 903 |
Характеристики (МАРС) |
__ |
| a |
Дата передачи |
20260528 |
| c |
Наименование библиотеки (МАРС) |
Муниципальное бюджетное учреждение культуры "Централизованная библиотечная система" г. Сургут (Центральная городская библиотека им. А. С. Пушкина) |
| 969 |
Тип издания |
__ |
| a |
Тип издания |
справочник |